Chất lượng tăng trưởng kinh tế Việt Nam năm 2015 và những khuyến nghị cải thiện cho giai đoạn 2016-2020 /

محفوظ في:
التفاصيل البيبلوغرافية
المؤلف الرئيسي: Ngô Thắng Lợi.
مؤلفون آخرون: Trần Thị Vân Hoa.
التنسيق: مقال
اللغة:Vietnamese
الموضوعات:
الوسوم: إضافة وسم
لا توجد وسوم, كن أول من يضع وسما على هذه التسجيلة!
Thư viện lưu trữ: Thư viện Trường Đại học Đà Lạt
LEADER 00924nam a2200289 4500
001 DLU180187776
005 ##20181011
040 # # |a DLU  |b vie 
041 # # |a vie 
044 # # |a vn 
100 # # |a Ngô Thắng Lợi. 
245 # # |a Chất lượng tăng trưởng kinh tế Việt Nam năm 2015 và những khuyến nghị cải thiện cho giai đoạn 2016-2020 /  |c Ngô Thắng Lợi, Trần Thị Vân Hoa. 
653 # # |a Cấu trúc 
653 # # |a Chất lượng  
653 # # |a Hiệu quả  
653 # # |a Tăng trưởng  
700 # # |a Trần Thị Vân Hoa. 
773 # # |t Kinh tế & Phát triển  |g Số 223, 2016, tr. 11-20 
920 # # |a Phòng Tạp chí -- Trung tâm Thông tin - Thư viện Trường Đại học Đà Lạt 
994 # # |a DLU 
900 # # |a True 
911 # # |a Nguyễn Thị Thu Phương 
925 # # |a G 
926 # # |a A 
927 # # |a BB 
980 # # |a Thư viện Trường Đại học Đà Lạt